000 00845nam a2200253Ia 4500
003 GCL
008 140319s9999 xx 000 0 ara d
040 _aGCL /
_cGCL
082 0 4 _a305.42
_bخ خ
100 1 _aسناء البيسى
245 1 0 _aالختان والعنف ضد المراة /
_cسناء البيسى
700 1 _aخالد منتصر
250 _aالاولى
260 _aالقاهرة :
_bدار العين للنشر ،
_c2003
300 _a222 ص ؛
_c19 سم
650 0 4 _aحقوق المرأة
650 0 4 _aالختان
650 0 4 _aالمرأة - رعاية اجتماعية
650 0 4 _aالمرأة - رعاية صحية
650 0 4 _aالمرأة - احوال اجتماعية
650 0 4 _aالختان - عادات وتقاليد
650 0 4 _aالمرأة - صحة جنسية
942 _2ddc
_cBK
999 _c9761
_d9761